|
|
|
|
| LEADER |
00000nam0a2200000 4500 |
| 001 |
28898 |
| 005 |
20231101205858.0 |
| 010 |
|
|
|a 5020028983
|
| 035 |
|
|
|a (RuTPU)RU\TPU\book\29156
|
| 035 |
|
|
|a BOOK00029231
|
| 090 |
|
|
|a 28898
|
| 100 |
|
|
|a 20011209d1992 k y0rusy50 ca
|
| 101 |
0 |
|
|a rus
|
| 102 |
|
|
|a RU
|
| 105 |
|
|
|a a z 001zy
|
| 200 |
1 |
|
|a Пирит золоторудных месторождений
|f Б. С. Андреев
|
| 210 |
|
|
|a Москва
|c Наука
|d 1992
|
| 215 |
|
|
|a 141 с.
|
| 320 |
|
|
|a Библиогр.: с. 133-142.
|
| 606 |
|
|
|a Золоторудные месторождения
|2 stltpush
|3 (RuTPU)RU\TPU\subj\11877
|9 38756
|
| 610 |
1 |
|
|a геология
|
| 610 |
1 |
|
|a колчедан
|
| 610 |
1 |
|
|a минералы
|
| 610 |
1 |
|
|a пирит
|
| 610 |
1 |
|
|a кобальт
|
| 610 |
1 |
|
|a никель
|
| 610 |
1 |
|
|a изотопный состав
|
| 610 |
1 |
|
|a структура
|
| 675 |
|
|
|a 553.411
|v 3
|
| 700 |
|
1 |
|a Андреев
|b Б. С.
|g Борис Сергеевич
|
| 801 |
|
0 |
|a RU
|b 63413507
|c 20011209
|g PSBO
|
| 801 |
|
2 |
|a RU
|b 63413507
|c 20171004
|g PSBO
|
| 942 |
|
|
|c BK
|